Colliers (Record no. 112059)

MARC details
000 -LEADER
fixed length control field 01302cad a22002055a 4500
001 - CONTROL NUMBER
control field L152435
008 - FIXED-LENGTH DATA ELEMENTS--GENERAL INFORMATION
fixed length control field 110307e2011 xxk f 000 0 eng d
035 ## - SYSTEM CONTROL NUMBER
System control number (Sirsi) u152435
041 0# - LANGUAGE CODE
Language code of text/sound track or separate title eng
110 2# - MAIN ENTRY--CORPORATE NAME
Corporate name or jurisdiction name as entry element Colliers International
9 (RLIN) 5548
245 00 - TITLE STATEMENT
Title Colliers
Remainder of title global premier streets and destinations briefing paper - Tuesday 1st March 2011
260 ## - PUBLICATION, DISTRIBUTION, ETC.
Place of publication, distribution, etc. London
Name of publisher, distributor, etc. Colliers
Date of publication, distribution, etc. 2011
520 ## - SUMMARY, ETC.
Summary, etc. Explores 10 premier retail destinations: seven European including London's West End; 5th and Madison Avenue, New York and Rodeo Drive, Los Angeles; and Tokyo's Ginza. Identifies the essential ingredients that contribute to their attractiveness as destinations including the built environment, the range of shops and the mix of culture, leisure and entertainment. Reports on rental levels currently being achieved in terms of overall rent psf per annum 2009-2010 and percentage annual rental change 2009-2010.
590 ## - LOCAL NOTE (RLIN)
Local note KA NTK
651 #4 - SUBJECT ADDED ENTRY--GEOGRAPHIC NAME
Geographic name International
690 ## - LOCAL SUBJECT ADDED ENTRY--TOPICAL TERM (OCLC, RLIN)
Topical term or geographic name as entry element PROPERTY-COMMERCIAL PROPERTY-RETAIL PROPERTY
690 ## - LOCAL SUBJECT ADDED ENTRY--TOPICAL TERM (OCLC, RLIN)
Topical term or geographic name as entry element PROPERTY-COMMERCIAL PROPERTY-COMMERCIAL PROPERTY MARKET
856 40 - ELECTRONIC LOCATION AND ACCESS
Uniform Resource Identifier <a href="https://www.colliers.com/Markets/UK/content/MarketReports/SpecialityReports/Colliers_Global_Premier_Streets_Destinations.pdf">https://www.colliers.com/Markets/UK/content/MarketReports/SpecialityReports/Colliers_Global_Premier_Streets_Destinations.pdf</a>
Public note View the briefing paper free of charge at www.colliers.com
942 ## - ADDED ENTRY ELEMENTS (KOHA)
Suppress in OPAC 0
Holdings
Withdrawn status Lost status Source of classification or shelving scheme Damaged status Not for loan Home library Current library Shelving location Date acquired Total Checkouts Full call number Barcode Date last seen Copy number Price effective from Koha item type
    Dewey Decimal Classification     Virtual Virtual Online 07/03/2011   ONLINE PUBLICATION 152435-2001 06/08/2019 1 06/08/2019 Book